000 00466nam a2200157 4500
001 135744
003 ES-MaACL
005 20230906194938.0
007 t|
008 070214q1928 fr r ||||1| fre d
100 1 _aRouchés, Gabriel.
_9100004
245 1 3 _aLa peinture espagnole
_b: le moyen age /
_cGabriel Rouchés.
260 _aParis :
_b[s.n.],
_c[1928?] (
_fUnion Typographique)
300 _aVIII, 293 p. ;
_c20 cm.
852 _aES-MaACL
_jF-15058
_bR.18823
999 _c135744
_d135744